[Event "Struga zt"]
[Site "Struga"]
[Date "1995.??.??"]
[Round "?"]
[White "Smirin, Ilia"]
[Black "Stanojoski, Zvonko"]
[Result "1/2-1/2"]
[WhiteElo "2630"]
[BlackElo "2425"]
[Annotator "Bangiev,A"]
[PlyCount "58"]
[EventDate "1995.03.??"]
[EventType "tourn"]
[EventRounds "11"]
[EventCountry "MKD"]
[EventCategory "12"]
[SourceTitle "CBM 049 Extra"]
[Source "ChessBase"]
[SourceDate "1996.01.01"]
[SourceVersion "1"]
[SourceVersionDate "1996.01.01"]
[SourceQuality "1"]

1. e4 c5 2. Nf3 g6 3. c3 Bg7 4. d4 cxd4 5. cxd4 d5 6. e5 Bg4 $5 {[%csl Rd4]} 7.
Qb3 $5 {[%csl Rb7,Rd5]} Qd7 {[%csl Gb7,Gd5]} (7... Bxf3 8. Qxb7 Nd7 9. gxf3 e6
10. Nc3 Qb8 11. Qxb8+ Rxb8 12. Nb5 f6 13. f4 a5 14. Bd2 Bh6 15. Bxa5 Bxf4 16.
Nc7+ {1-0 Epstein,E-Baltagailis,V/Manila olw 1992}) (7... Qc7 8. Nc3 Bxf3 9.
gxf3 Nc6 10. Nxd5 Qd7 11. Be3 Rd8 12. Bc4 Na5 13. Qb5 Nxc4 14. Nc7+ Kf8 15.
Qxc4 Nh6 16. Rc1 Nf5 17. Qb5 Nxd4 18. Qxd7 Rxd7 19. Nb5 Bxe5 20. Bh6+ Ke8 21.
Nxd4 Bxd4 22. Rc8+ Rd8 23. Rc7 Rd7 24. Rc8+ Rd8 25. Rc7 Rd7 26. Rc8+ Rd8 {
1/2-1/2 Martinez,A-Figueroa,C/Palma de Mallorca op (05) 1992}) 8. Nc3 {[%csl
Rd5]} (8. h3 $6 Bxf3 9. Qxf3 Nc6 10. Be3 Nh6 (10... f6 $5 11. exf6 exf6 12. Nc3
Nge7) 11. Nc3 Rd8 12. Rd1 O-O (12... Nf5 13. g4 Nxe3 14. fxe3 O-O 15. Bg2 e6
16. O-O $13) 13. Bxh6 (13. Bb5 Nf5 14. g4 Nxe3 15. fxe3 f6 $13) 13... Bxh6 14.
Bb5 f6 15. Qe2 (15. exf6 Rxf6 $15) (15. Nxd5 $2 Qxd5 16. Qxd5+ Rxd5 17. Bc4 e6
$17) 15... fxe5 $5 16. dxe5 (16. Nxd5 e6 $5 17. Ne3 exd4 18. Ng4 Bg7 $17) 16...
d4 $5 (16... e6 17. Ne4 $5) 17. O-O (17. Qc4+ $5 Kh8 18. Bxc6 bxc6 19. Ne4 Qd5
$15) (17. e6 $6 Qc7 $17) 17... Kh8 18. Ne4 (18. Bxc6 bxc6 19. Ne4 d3 $1) 18...
Qd5 19. Bxc6 bxc6 20. Rfe1 $6 (20. Ng3 $142) 20... d3 $1 $17 {Brodhuhm,
R-Bangiev,A/NLLS 9594/1994}) (8. Nh4 Nc6 9. Bb5 a6 10. Bxc6 bxc6 11. Nc3 Nh6
12. h3 Be6 13. Na4 Qc7 14. Nc5 Bc8 15. O-O Nf5 16. Nf3 h5 17. g3 O-O 18. Bf4
Bh6 19. Bxh6 Nxh6 20. Qe3 Kg7 21. Ng5 Rb8 22. b3 Rb4 23. Qd2 a5 24. Rfd1 Qd8
25. Rac1 Nf5 26. Qf4 e6 27. Nf3 Qe7 28. g4 hxg4 29. hxg4 Nh6 30. Qf6+ Qxf6 31.
exf6+ Kxf6 32. g5+ Ke7 {Scherer,H-Heinl,A/OLBaden 9293 1993/1/2-1/2 (55)}) 8...
Bxf3 9. gxf3 Nc6 {[%csl Rd4]} 10. Be3 e6 $5 {[%csl Gd5]} (10... Rd8 11. h4 h5
12. Bh3 e6 13. Nb5 Bf8 14. Bg5 $36) 11. Nb5 {[%csl Rd6]} (11. Na4 b6 12. Bb5 f6
13. Rc1 Nge7 14. Qa3 Rd8 15. Bd2 Kf7 16. f4 Qb7 17. Qd3 Nb8 18. Qh3 Nf5 19. Be3
Rc8 20. O-O Nc6 21. Rfd1 a6 22. Bf1 fxe5 23. fxe5 Nce7 24. Bd3 Rhf8 25. Nc3 Kg8
26. Ne2 Rxc1 27. Bxc1 Nc6 28. Bxf5 gxf5 29. Kh1 Kh8 30. Rg1 Qf7 31. Nf4 Rc8 32.
Nh5 Bf8 33. Bg5 Be7 34. Bh6 Bf8 35. Bg7+ Bxg7 36. Rxg7 Qxg7 37. Nxg7 Kxg7 {
Shtyrenkov,V-Kaposztas,M/Sala op (02) 1993/1-0 (50)}) 11... Bf8 {[%csl Gd6]}
12. Rc1 (12. a3 a6 13. Nc3 b5 $5 (13... Nh6 14. Na4 $36 {[%csl Rb6]}) 14. Nxb5
Rb8 $5 (14... axb5 15. Bxb5 {[%cal Rb5e8]} Rc8 (15... Rb8 16. Rc1 Rxb5 17. Qxb5
$13) 16. Rc1 h6 (16... Bg7 17. Qa4 Nge7 18. Bg5) 17. Qa4 Nge7 18. O-O Bg7 19.
Rxc6 Nxc6 20. Rc1 O-O 21. Bxc6 $16) 15. Qa4 axb5 16. Bxb5 Rxb5 17. Qxb5 Bg7 18.
Rc1 Nge7 $13) 12... Bb4+ $5 (12... a6 13. Nc3 Nh6 (13... b5 14. Nxb5 $1 axb5
15. Bxb5 $36 {[%cal Rb5e8]}) 14. Na4 $36) 13. Bd2 (13. Ke2 a6 $15) 13... Be7
14. Qa4 a6 15. a3 (15. Nc3 Bd8 $15) 15... Rc8 16. Nc3 Bd8 $5 {[%csl Yb6,Rd4]}
17. Bd3 Bb6 18. Ne2 Nge7 $132 19. Bc2 {[%csl Ga4]} (19. Be3 $2 Nxe5 20. Rxc8+
Nxc8 21. Qxd7+ Nxd7 $17) (19. Qd1 $2 Nxd4 $17) 19... Ba7 20. Be3 Rc7 (20... O-O
$5 21. O-O (21. Bb1 $2 Nxe5 $17) 21... f5 $36 {[%csl Yf4,Yg5,Yh6] mit der Idee
...Kg7, ...h6, ...g5, ...f4} 22. exf6 Rxf6 $36 {[%cal Rf6f3]}) 21. Bb1 $5 O-O (
21... Nxe5 $2 22. Qxd7+ Nxd7 23. Rxc7 $18) 22. Qd1 Rfc8 (22... f5 23. exf6 Rxf6
24. f4 $13) 23. O-O Nf5 (23... Na5 $5 {[%csl Yb3,Yc4]} 24. Rxc7 Rxc7 25. Bg5 {
[%csl Rf6,Rg7]}) (23... Kg7 $5 24. Qd2 Ng8 25. Kh1 h6 26. Rg1 Nce7) 24. Bxf5
exf5 25. Nf4 Nd8 26. Rxc7 Rxc7 27. Qd2 Ne6 28. b3 Rc6 29. Rd1 Bb6 1/2-1/2

[Event "Niedersachsen-ch"]
[Site "Niedersachsen"]
[Date "1996.??.??"]
[Round "9"]
[White "Boehnisch, Manfred"]
[Black "Bangiev, Alexander J"]
[Result "1/2-1/2"]
[WhiteElo "2310"]
[BlackElo "2405"]
[Annotator "Bangiev,A"]
[PlyCount "59"]
[EventDate "1996.??.??"]
[EventType "swiss"]
[EventRounds "9"]
[EventCountry "GER"]
[SourceTitle "CBM 052"]
[Source "ChessBase"]
[SourceDate "1996.06.01"]
[SourceVersion "1"]
[SourceVersionDate "1996.06.01"]
[SourceQuality "1"]

1. e4 c5 2. Nf3 g6 3. c3 Bg7 4. d4 Qc7 5. Na3 $5 d6 (5... a6 6. dxc5 $5 Nf6 $5
(6... Qxc5 $6 7. Be3 $1 (7. Nc4 $5 Nc6 8. Be3 Qh5 9. Nb6 Rb8 10. Nd5 d6 11. Be2
) 7... Bxc3+ $6 (7... Qc7 8. Nc4 Nc6 9. Nb6 Rb8 10. Nd5 $16) 8. Ke2 $1 Qb4 9.
Rc1 Qxb2+ 10. Qd2 $1 Nc6 11. Rxc3 $16) 7. Nc4 (7. Bd3 Qxc5 8. Be3 Qc7 9. Nc4
Nc6 10. Nb6 Rb8 $14) (7. Be3 Nxe4) 7... Nxe4 8. Nb6 Ra7 (8... Qxc5 $2 9. Be3
$18) 9. Nd5 Qa5 $5 (9... Qc6 10. Bf4 $16) (9... Qxc5 $2 10. Be3) 10. Bf4 Nc6
$13) (5... Nf6 6. e5 Nd5 7. Nb5 Qd8 8. dxc5 $16) (5... cxd4 $5 6. cxd4 Nf6 7.
e5 Ne4 (7... Nd5 8. Qb3 $14) 8. Bd3 Qa5+ $13) 6. Bf4 $1 {Ein starker Zug.
Anderfalls erhält Schwarz nach 6...Nf6 gute Aussichten. Es droht nun den
Vorstoß e4-e5.} Nd7 (6... a6 7. e5 $1 (7. dxc5 $6 Qxc5 8. Nc4 Nd7 $132) 7...
dxe5 8. Nxe5 $16) (6... Nf6 7. e5 $5 Nd5 8. exd6 exd6 9. Qe2+ (9. Nb5 $2 Qe7+
10. Qe2 Qxe2+ 11. Bxe2 Nxf4 12. Nc7+ Kd8 13. Nxa8 Re8 $17) 9... Kd8 10. Nb5 $16
) 7. Bc4 $5 Nb6 $8 {Erzwungen in Anbetracht der Drohung 8.Bxf7.} (7... a6 $2 8.
Ng5 $1 (8. Qb3 $5 e6 9. Bxe6 fxe6 10. Qxe6+ $40 Ne7 11. Nc4 $16 (11. Bxd6 Nf8
$5 12. Qxe7+ Qxe7 13. Bxe7 Kxe7)) (8. Bxf7+ $6 Kxf7 9. Ng5+ Ke8 10. Ne6 Qb8 (
10... Qa5 $2 11. Nc4 $18) 11. Nxg7+ Kf7 12. Nh5 gxh5 13. Qxh5+ Kf8 $13) 8...
Nh6 9. Bxf7+ Nxf7 10. Ne6 $16) (7... Ngf6 $6 8. Ng5 (8. e5 $5 $36) 8... O-O 9.
Qb3 $40) 8. Bb3 Bd7 {Schwarz beabsichtig mittels 9...c4, den starkpostirten
Läufer b3 abzudrängen.} (8... Nf6 9. e5 $36) (8... c4 $2 9. Bxc4 Nxc4 10. Qa4+
$16) 9. dxc5 (9. O-O c4 10. Bc2 e5 11. Be3 Ne7 12. Qe2 $14) (9. e5 $5 c4 10.
exd6 Qc6 (10... exd6 11. Qe2+ $16) 11. Bc2 exd6 12. O-O $14) 9... Qxc5 10. O-O
Nf6 11. e5 $5 Nfd5 (11... dxe5 $5 12. Nxe5 O-O $14) 12. Bg3 O-O (12... Nxc3 $5
13. bxc3 Qxa3 14. exd6 $13) 13. exd6 exd6 14. Qd2 Rfe8 $5 (14... Bg4 15. Rad1
Bxf3 16. gxf3 $16) (14... Rfd8 15. c4 $16) 15. c4 (15. Rad1 Bc6 16. c4 Nf6 17.
Bxd6 Qh5 $13) 15... Nf6 16. Bxd6 Qh5 17. Rae1 (17. c5 Ne4 18. Qb4 Nxd6 19. cxd6
Bc6 $13) 17... Bc6 {Für den Bauern verfügt Schwarz die Initiative am
Königsflügel.} (17... Ne4 18. Rxe4 $1 Rxe4 19. c5 $36) 18. c5 Bxf3 19. gxf3 (
19. cxb6 Be2 20. Bd1 Bxd1 21. Qxd1 Qxd1 22. Rxd1 axb6 $10) 19... Nbd7 $13 20.
Qd4 (20. Qc3 Nd5 $13) 20... Qxf3 21. Re3 Qf5 $15 22. Nb5 Re4 $5 (22... Ne4 23.
Qd5 $8 Qxd5 24. Bxd5 Ndxc5 $13) 23. Rxe4 (23. Qd3 Rxe3 (23... Rg4+ 24. Kh1 $13)
24. Qxe3 (24. Qxf5 Rxb3 $5 $17) 24... Re8 $36) 23... Nxe4 24. Qd5 $8 Ne5 $6 (
24... Ndxc5 $5 25. Qxf5 gxf5 $15) (24... Qxd5 25. Bxd5 Ndxc5 $13) (24... Qg4+
$6 25. Bg3 Ne5 26. Qxb7 Rf8 27. Bd1 $16) 25. Bxe5 $8 Bxe5 (25... Qxe5 26. Qxf7+
Kh8 27. Qxb7 Rf8 $13) 26. f4 Qg4+ $2 (26... Bxb2 27. Qxf5 gxf5 $15) 27. Kh1 $16
Qh3 $2 (27... Ng3+ 28. hxg3 Qh3+ 29. Kg1 Qxg3+ 30. Qg2 $16) (27... Qf5 28. Qxe5
Qh3 29. Bc4 $16) 28. Kg1 $2 $138 (28. Qxf7+ Kh8 29. fxe5 Ng3+ 30. Kg1 Qxf1+ 31.
Qxf1 Nxf1 32. Kxf1 Re8 33. Nd6 $18) 28... Qg4+ (28... Qe3+ $142 29. Kh1 Bxb2
30. Qxf7+ Kh8 $13) 29. Kh1 Qh3 30. Kg1 1/2-1/2

[Event "Hoogovens op"]
[Site "Wijk aan Zee"]
[Date "1995.01.??"]
[Round "9"]
[White "Van der Wiel, John"]
[Black "Piket, Jeroen"]
[Result "1/2-1/2"]
[WhiteElo "2570"]
[BlackElo "2670"]
[Annotator "Bangiev,A"]
[PlyCount "51"]
[EventDate "1995.01.??"]
[EventType "swiss"]
[EventRounds "12"]
[EventCountry "NED"]
[SourceTitle "CBM 046"]
[Source "ChessBase"]
[SourceDate "1995.06.01"]
[SourceVersion "1"]
[SourceVersionDate "1995.06.01"]
[SourceQuality "1"]

1. e4 c5 2. Nf3 g6 3. d4 cxd4 4. Qxd4 Nf6 5. Nc3 {Die relativ neue Fortsetzung.
Gespielt wurde an dieser Stelle auch 5.e5 und 5.Bb5.} Nc6 6. Qa4 d6 7. e5 $5 {
Der Kernpunkt des weißen Spiel.} Ng4 {Die Alternative ist 7...de5 8.Ne5 mit
der weißen Initiative.} 8. exd6 $146 (8. Bf4 Bg7 (8... Qb6 9. O-O-O Nxf2 10.
Nd5 Qd8 11. exd6 $1 $40 {Vydeslaver&Faerman}) 9. exd6 Qb6 $5 10. O-O-O $1 {
Vydeslaver-Flash/Beer-Sheva/1993/Inf.57/165/}) 8... Qxd6 (8... exd6 9. Bb5 (9.
Bg5 Qb6 $13) 9... Qe7+ (9... Qb6 $6 10. O-O Bg7 11. Re1+ Nge5 (11... Be6 $2 12.
Qxg4) 12. Nd5 Qd8 13. Bxc6+ bxc6 14. Qxc6+ Bd7 15. Qxd6 $16) 10. Kf1 Bd7 11.
Nd5 Qd8 12. Bg5 f6 $5 13. Re1+ Kf7 $13) 9. Nb5 Qb8 (9... Qb4+ $5 10. Qxb4 Nxb4
11. Nfd4 (11. Nc7+ $2 Kd8 12. Nxa8 Nxc2+ 13. Ke2 Nxa1 $17) (11. Bd3 Nxd3+ 12.
cxd3 Kd8 13. Ng5 Nh6 14. Bf4 Bg7 15. Ke2 (15. d4 Bd7 16. Nc3 Bxd4 17. Nf3 Bg7
18. Rd1 Ke8 $15) 15... Bd7 16. Nc3 e5 $15) 11... Na6 12. h3 Nf6 13. Bf4 Bg7 14.
O-O-O O-O $13) 10. Nbd4 $5 Bg7 (10... Bd7 11. Nxc6 (11. Bb5 $5 Qc7 12. O-O $36)
11... bxc6 12. Be2 Bg7 13. O-O $14) 11. Bb5 $5 (11. Nxc6 bxc6 12. Qxc6+ Bd7 $44
) 11... Nge5 12. Bf4 (12. Nxc6 Nxc6 13. Bxc6+ bxc6 14. Qxc6+ Bd7 $44) 12... O-O
(12... Nxf3+ 13. Nxf3 e5 14. Bxc6+ bxc6 15. Qxc6+ Bd7 16. Qc3 O-O $5 (16... f6
17. Be3 O-O 18. Bc5 Rc8 $44) 17. Nxe5 Re8 18. O-O-O $8 Bf5 19. g4 Rc8 $5 $44
20. Rd8+ $5 Rxd8 21. gxf5 Rc8 22. Qa5 $132) 13. Nxc6 bxc6 14. Bxc6 (14. Nxe5
cxb5 $17) 14... Qxb2 15. Bxe5 Bxe5 16. O-O Rb8 17. Nxe5 Qxe5 18. Qxa7 Bf5 {
Weiß erhält sich nur den Mehrbauern, aber muß er das scharzen Gegenspiel
zuruckhalten.} 19. a4 (19. Rfe1 $6 Qc3 $1) 19... Rbc8 20. Bf3 Rxc2 21. a5 {
Die einzige Hoffnung, der freibauer a5.} Rfc8 22. Qe3 {Weiß muß aufpassen.} (
22. a6 $2 Qxa1 $1 23. Rxa1 Rc1+ 24. Bd1 Rxa1 $19) 22... Qxe3 23. fxe3 Bd3 24.
Rfd1 Ba6 $10 25. Rdb1 R8c7 26. Rb8+ 1/2-1/2

[Event "London WFW"]
[Site "London"]
[Date "1991.??.??"]
[Round "?"]
[White "Hector, Jonny"]
[Black "Larsen, Bent"]
[Result "1/2-1/2"]
[WhiteElo "2465"]
[BlackElo "2560"]
[Annotator "Blatny,P"]
[PlyCount "123"]
[EventDate "1991.05.??"]
[EventType "tourn"]
[EventRounds "13"]
[EventCountry "ENG"]
[EventCategory "11"]
[SourceTitle "CBM 024"]
[Source "ChessBase"]
[SourceDate "1991.10.01"]
[SourceVersion "1"]
[SourceVersionDate "1991.10.01"]
[SourceQuality "1"]

1. e4 c5 2. Nf3 g6 3. d4 (3. c3 $142 {--> Plaskett-Larsen CBM24}) 3... cxd4 (
3... Bg7 4. Nc3 Qa5 (4... cxd4 $142 {--> B34 Key}) 5. Be3 Nf6 6. Qd2 Nc6 (6...
Ng4 7. Nd5 $1) 7. dxc5 Ng4 8. Bc4 Qb4 9. Bb3 O-O 10. O-O Bxc3 11. bxc3 Qxe4 12.
Bd4 $16 {Suetin}) 4. Qxd4 Nf6 5. Bb5 (5. e5 Nc6 6. Qa4 (6. Qh4 Nxe5 7. Nxe5
Qa5+ $15) 6... Nd5 7. a3 (7. c4 Nc7 {/\Ne6}) 7... Qb6 8. Qe4 Nc7 9. Nc3 Bg7 10.
Bc4 Na5 11. Ba2 Qc6 12. Qb4 b6 $13) 5... Nc6 (5... a6 6. e5 $14) (5... Qa5+ 6.
Qc3 $1 Qxc3+ (6... Qd8 7. Bc4 e6 8. e5 $16) 7. Nxc3 $14) 6. Bxc6 dxc6 (6...
bxc6 7. e5 Nd5 8. O-O (8. e6 Nf6 9. exf7+ Kxf7 $10) 8... Bg7 9. Qh4 O-O 10. Bh6
$14 {Bokuchava-Gavashelishvili, USSR}) 7. Qxd8+ Kxd8 8. Nc3 Bg7 (8... Ke8 9.
Be3 Ng4 10. Bf4 Bg7 11. e5 g5 12. Bg3 h5 13. h4 gxh4 14. Rxh4 $14 {
Pribyl-Lerch, CSSR(ch) 1980}) 9. h3 Nd7 10. Bd2 Ke8 11. O-O-O Ne5 12. Nd4 Nc4
13. Bg5 f6 14. Bh4 e5 15. Nf3 Ke7 16. Rd3 Be6 17. Na4 g5 18. Bg3 b6 19. b3 Nd6
20. Nd2 h5 21. c4 Nf7 22. Rd1 g4 23. hxg4 hxg4 24. f4 gxf3 25. Nxf3 Bh6+ 26.
Kc2 Rhg8 27. Nh4 Rad8 28. Be1 Rxd3 29. Rxd3 Rg4 30. Nc3 Nd6 31. c5 Nxe4 32.
cxb6 axb6 33. Na4 b5 34. Nc3 Bg5 35. g3 Bxh4 (35... Nxg3 36. Rxg3 (36. Bxg3
Bxh4 $19) 36... Rxh4 $19 {_|_}) 36. gxh4 Rg2+ 37. Kc1 Rg1 38. Rd1 Nxc3 (38...
Rxe1 39. Rxe1 Nxc3 $19) 39. Bxc3 Rxd1+ 40. Kxd1 Bf7 41. Kc2 Kd6 42. a4 bxa4 43.
bxa4 c5 44. a5 Kc6 45. Kd3 c4+ 46. Ke4 Bg6+ 47. Kf3 Kb5 48. Ke3 Kc5 49. Kf3 Kc6
50. Ke3 Kd5 51. Kf3 Bh5+ 52. Ke3 Bg4 53. Bb2 Bc8 54. h5 Ke6 55. Bc3 Bb7 56. Bb4
Kf7 57. h6 Kg6 58. Be7 f5 59. Bg5 f4+ 60. Kd2 Be4 61. h7 Kxh7 62. Bf6 1/2-1/2

[Event "London WFW"]
[Site "London"]
[Date "1991.??.??"]
[Round "?"]
[White "Plaskett, H James"]
[Black "Larsen, Bent"]
[Result "0-1"]
[WhiteElo "2480"]
[BlackElo "2560"]
[Annotator "Blatny,P"]
[PlyCount "56"]
[EventDate "1991.05.??"]
[EventType "tourn"]
[EventRounds "13"]
[EventCountry "ENG"]
[EventCategory "11"]
[SourceTitle "CBM 024"]
[Source "ChessBase"]
[SourceDate "1991.10.01"]
[SourceVersion "1"]
[SourceVersionDate "1991.10.01"]
[SourceQuality "1"]

1. e4 c5 2. Nf3 g6 3. c3 Bg7 4. Na3 (4. d4 $142 {/\Bd3,Qe2,h3 () --> B22} Qa5 (
4... cxd4 5. cxd4 d5 (5... Nf6 6. e5 {|^ Plachetka}) 6. e5 Bg4 7. Nc3 Nc6 8.
Be2 Nh6 9. O-O Nf5 10. Be3 O-O 11. h3 Bxf3 12. Bxf3 $14 {^^ [+]
Shevelev-Ageichenko, USSR 1979}) 5. Nbd2 cxd4 6. Nb3 Qd8 7. cxd4 Nf6 8. Bd3 O-O
9. O-O Nc6 10. e5 Ne8 11. Bf4 $14 {Kernazicky-Taborov, USSR 1979}) 4... d6 5.
d4 cxd4 6. cxd4 Nf6 {פa3} 7. Bd3 O-O 8. h3 d5 $1 (8... Nc6 9. Be3 e5 10. d5 {
/\Rc1,Nb5}) 9. e5 Ne4 (9... Ne8 {/\Nc7-e6} 10. Bf4 Nc7 11. Qd2 $14 {<->c,/
^e3-h6}) 10. O-O Nc6 11. Qe2 Be6 12. Re1 (12. Bxe4 dxe4 13. Qxe4 Bd5 14. Qf4
Bxf3 15. Qxf3 Nxd4 $15) 12... Rc8 13. Nc2 f6 14. exf6 exf6 15. Bf4 g5 16. Bh2
f5 17. Ne5 f4 18. Nxc6 Rxc6 19. f3 Ng3 20. Bxg3 fxg3 21. Rad1 h5 22. Ne3 g4 23.
Rf1 gxh3 24. f4 Qh4 25. Qf3 hxg2 26. Qxg2 Rxf4 27. Bf5 Rxf1+ 28. Rxf1 Bxd4 0-1

[Event "Hoogovens op"]
[Site "Wijk aan Zee"]
[Date "1993.01.??"]
[Round "6"]
[White "Rotstein, Arkadij"]
[Black "Leko, Peter"]
[Result "1-0"]
[WhiteElo "2465"]
[BlackElo "2465"]
[Annotator "Blatny,P"]
[PlyCount "45"]
[EventDate "1993.01.??"]
[EventType "swiss"]
[EventRounds "12"]
[EventCountry "NED"]
[SourceTitle "CBM 034"]
[Source "ChessBase"]
[SourceDate "1993.06.01"]
[SourceVersion "1"]
[SourceVersionDate "1993.06.01"]
[SourceQuality "1"]

1. Nf3 g6 2. e4 c5 3. d4 (3. c3 d5 $6 (3... Bg7 4. Na3 (4. d4 cxd4 (4... Qa5 5.
Nbd2 cxd4 6. Nb3 Qd8 7. cxd4 Nf6 8. Bd3 $14 {[+] Kernazicky-Taborov, USSR 1979}
) 5. cxd4 d5 6. e5 Bg4 7. Nc3 Nc6 8. Be2 Nh6 {=/+/= Shevelev-Ageichenko, USSR
1979}) 4... d6 5. d4 cxd4 6. cxd4 Nf6 7. Bd3 O-O 8. h3 d5 $1 {פa3} 9. e5 Ne4
10. O-O Nc6 11. Qe2 Be6 $1 {Plaskett-Larsen, London 1991} 12. Bxe4 dxe4 13.
Qxe4 Bd5 14. Qf4 Bxf3 15. Qxf3 Nxd4 $36) 4. exd5 Qxd5 5. d4 {+/=
Fedorowicz-Larsen, Buenos Aires 1991, --> Alapin diskette}) (3. Bc4 Bg7 4. O-O
Nc6 5. c3 d6 6. d4 Nf6 7. e5 (7. d5 Na5 8. Bd3 c4 9. Bc2 O-O 10. b4 $1 $14)
7... dxe5 8. Nxe5 Nxe5 (8... O-O 9. Nxc6 bxc6 10. dxc5 Qc7 11. Nd2 Bf5 12. Qe2
$16) 9. dxe5 Qxd1 10. Rxd1 Nd7 11. f4 {()}) (3. c4 Bg7 4. d4 cxd4 5. Nxd4 Nc6
6. Be3 {--> B38}) 3... cxd4 (3... Bg7 4. Nc3 Qa5 (4... cxd4 {--> B34}) 5. Be3
Nf6 6. Qd2 Nc6 (6... Ng4 7. Nd5 $1) 7. dxc5 Ng4 8. Bc4 Qb4 9. Bb3 O-O 10. O-O
Bxc3 11. bxc3 Qxe4 12. Bd4 $16) 4. Qxd4 Nf6 5. e5 (5. Bb5 Nc6 (5... a6 6. e5
$40) (5... Qa5+ 6. Qc3 $1 {ץc8} Qxc3+ (6... Qd8 7. Bc4 e6 8. e5 $16) 7. Nxc3 {
+/=/+/- @}) 6. Bxc6 dxc6 (6... bxc6 7. e5 Nd5 8. O-O (8. e6 Nf6 9. exf7+ Kxf7
$10) 8... Bg7 9. Qh4 O-O 10. Bh6 {Bokuchava-Gavashelishvili, USSR}) 7. Qxd8+
Kxd8 8. Nc3 Bg7 (8... Ke8 9. Be3 Ng4 10. Bf4 Bg7 11. e5 g5 12. Bg3 h5 13. h4
gxh4 14. Rxh4 $14 {Pribyl-Lerch, CSSR ch 1980}) 9. h3 Nd7 10. Bd2 {/\0-0-0 ()})
5... Nc6 6. Qa4 (6. Qh4 Nxe5 7. Nxe5 Qa5+ $17) 6... Nd5 7. Qb3 (7. a3 Qb6 8.
Qe4 Nc7 9. Nc3 Bg7 10. Bc4 Na5 11. Ba2 Qc6 12. Qb4 b6 $13) (7. c4 Nc7 {/\Ne6})
7... e6 8. c4 Nb6 9. Nc3 Qc7 10. Nb5 Qb8 11. Qe3 Bb4+ $6 (11... Be7) 12. Bd2
O-O 13. Bxb4 Nxb4 14. O-O-O $1 {>< g7,h6,f6,d6,ץc8} f6 15. h4 $40 Nc6 16. Nd6
Nxe5 17. Nxe5 fxe5 18. h5 Nd5 19. Rxd5 $1 exd5 20. Qxe5 Rf5 21. Qe8+ Rf8 22.
Qe7 Rxf2 23. h6 {/\Qg7#} 1-0

[Event "ROM-chT"]
[Site "Sovata"]
[Date "1998.??.??"]
[Round "4"]
[White "Nevednichy, Vladislav"]
[Black "Moldovan, Daniel"]
[Result "1/2-1/2"]
[WhiteElo "2550"]
[BlackElo "2420"]
[Annotator "Bulletin"]
[PlyCount "46"]
[EventDate "1998.??.??"]
[EventType "team"]
[EventRounds "5"]
[EventCountry "ROU"]
[SourceTitle "EXT 1999"]
[Source "ChessBase"]
[SourceDate "1998.11.16"]
[SourceVersion "1"]
[SourceVersionDate "1998.11.16"]
[SourceQuality "1"]

1. e4 c5 2. Nf3 g6 3. d4 cxd4 4. Qxd4 Nf6 5. Nc3 Nc6 6. Qa4 d6 7. e5 dxe5 8.
Nxe5 Bd7 9. Nxc6 bxc6 10. Be3 Bg7 11. O-O-O O-O 12. Qa3 Rb8 13. Bc4 Nd5 14.
Bxd5 cxd5 15. Rxd5 Qc7 16. Qxa7 Rb7 17. Qa5 Qb8 18. Rhd1 Bf5 19. Rd8 Rxb2 $1
20. Rxf8+ (20. Rxb8 Rxc2+ 21. Kb1 Rxb8+ 22. Ka1 Bxc3+ $19) 20... Bxf8 21. Rd2
h5 22. h3 Kh7 23. Qd5 e6 1/2-1/2

[Event "Rome"]
[Site "Rome"]
[Date "1986.??.??"]
[Round "?"]
[White "Sax, Gyula"]
[Black "Tatai, Stefano"]
[Result "1-0"]
[WhiteElo "2545"]
[BlackElo "2405"]
[Annotator "ChessBase"]
[PlyCount "47"]
[EventDate "1986.01.??"]
[EventType "tourn"]
[EventRounds "9"]
[EventCountry "ITA"]
[EventCategory "10"]
[SourceTitle "MCL"]
[Source "ChessBase"]
[SourceDate "1999.07.01"]
[SourceVersion "1"]
[SourceVersionDate "1999.07.01"]
[SourceQuality "1"]

1. e4 c5 2. Nf3 g6 3. d4 cxd4 4. Qxd4 Nf6 5. Bb5 $1 Nc6 (5... Qa5+ 6. Qc3 Qxc3+
7. Nxc3 a6 8. e5 Ng4 9. Nd5 $1 $16) 6. Bxc6 bxc6 $2 (6... dxc6) 7. e5 Nd5 8.
O-O Bg7 9. Qh4 f6 10. c4 $1 Nc7 (10... Nb4 11. Bh6 $1 Bxh6 12. Qxh6 Nc2 13.
exf6 $1 Rf8 (13... exf6 14. Nc3 Nxa1 15. Qg7 Rf8 16. Re1+) (13... Nxa1 14. Qg7
Rf8 15. fxe7 Qxe7 16. Re1 Qxe1+ 17. Nxe1 $18) 14. Nc3 Nxa1 15. fxe7 Qxe7 16.
Re1 $18) 11. Bh6 O-O 12. Bxg7 Kxg7 13. Nc3 Ne6 14. Rad1 (14. Nd4 c5 $1 15.
exf6+ Rxf6) 14... fxe5 (14... f5 15. Nd4 $1 Nxd4 16. Qxd4 $16) 15. Nxe5 Rf4 $2
(15... Qe8 16. f4 $16) 16. Qg3 Qc7 17. Rfe1 d6 18. Nxg6 $1 hxg6 19. Rxe6 Bxe6
20. Qxf4 Rf8 21. Qd4+ Kg8 22. Re1 Bf7 23. Qh4 e5 24. Ne4 1-0

[Event "Barcelona Sants op 21st"]
[Site "Barcelona"]
[Date "2019.08.31"]
[Round "9"]
[White "Lettieri, Giuseppe"]
[Black "Gual Pascual, Antonio"]
[Result "0-1"]
[WhiteElo "2431"]
[BlackElo "2337"]
[Annotator "Doe,John"]
[PlyCount "84"]
[EventDate "2019.08.23"]
[EventType "swiss"]
[EventRounds "10"]
[EventCountry "ESP"]
[SourceTitle "EXT 2020"]
[Source "ChessBase"]
[SourceDate "2019.10.17"]
[SourceVersion "1"]
[SourceVersionDate "2019.10.17"]
[SourceQuality "1"]

1. e4 c5 2. Nf3 g6 3. c3 d5 4. e5 Nc6 5. d4 cxd4 6. cxd4 Bg4 7. Be2 Nh6 8. Nc3
Nf5 9. O-O Bg7 10. h3 Bxf3 11. Bxf3 e6 12. Be3 O-O 13. Bg4 Nxe3 14. fxe3 f5 15.
exf6 Rxf6 16. Rxf6 Qxf6 17. Qb3 Rf8 18. Qxb7 Nd8 19. Qb5 Qf2+ 20. Kh1 Qxe3 21.
Qe2 Bxd4 22. Qxe3 Bxe3 23. Re1 d4 24. Nd1 Bg5 25. Kg1 Kf7 26. Re5 Kf6 27. Ra5
Rf7 28. Kf1 Rc7 29. Nf2 Be3 30. Ne4+ Ke7 31. Ke2 h5 32. Bf3 Nf7 33. Nc5 Ne5 34.
b4 d3+ 35. Kxe3 Nc4+ 36. Kd4 Nxa5 37. bxa5 d2 38. Bd1 e5+ 39. Kd5 Kf6 40. a6 h4
41. Kd6 Rc8 42. a4 Kg5 {il.legible} 0-1

[Event "Hoogovens-B"]
[Site "Wijk aan Zee"]
[Date "1977.01.18"]
[Round "4"]
[White "Krnic, Zdenko"]
[Black "Kupreichik, Viktor D"]
[Result "0-1"]
[WhiteElo "2435"]
[BlackElo "2490"]
[Annotator "Ftacnik,L"]
[PlyCount "72"]
[EventDate "1977.01.14"]
[EventType "tourn"]
[EventRounds "11"]
[EventCountry "NED"]
[EventCategory "7"]
[SourceTitle "MCL"]
[Source "ChessBase"]
[SourceDate "1999.07.01"]
[SourceVersion "1"]
[SourceVersionDate "1999.07.01"]
[SourceQuality "1"]

1. e4 c5 2. Nf3 g6 3. d4 cxd4 4. Qxd4 Nf6 5. Bb5 Nc6 6. Qa4 Bg7 7. O-O Qc7 8.
Nc3 a6 9. Bg5 O-O 10. Rfe1 Ne5 (10... Rb8 $6 11. e5 $1) 11. Nxe5 Qxe5 12. Bh4
Ng4 13. Bg3 Qc5 14. Be2 (14. Bxd7 $2 b5 15. Bxb5 Bxc3 16. bxc3 Qxb5) 14... Ne5
15. Rad1 b5 $1 16. Bxb5 $1 Rb8 17. Rd5 Qc7 $1 (17... axb5 $6 18. Rxc5 bxa4 19.
Bxe5 Bxe5 20. Rxe5 Rxb2 21. Rxe7 Rxc2 22. Nxa4 Rxa2 23. Nc3 $14) 18. Bxa6 Bxa6
19. Qxa6 Rxb2 20. Nb5 $2 (20. Nd1 Rxc2 21. Ne3 $10) 20... Qxc2 $1 21. Nd4 Qc3
22. Rd1 Nc4 $1 23. h3 Nb6 24. Nb5 Qc6 25. Na7 $2 Qa8 26. Rc5 (26. R5d2 $2 Rxd2
27. Rxd2 Nc8) 26... Qxe4 27. Nb5 d6 28. Rcc1 Nd5 29. Qc6 Nf6 30. Nd4 Rxa2 31.
Qc4 Qa8 32. Nc6 Re8 33. Re1 d5 34. Qc5 e6 35. Nb4 Rb2 36. Nd3 Rd2 {Time} 0-1